MARC

LEADER 00000nam0a2200000 4500
001 92598
005 20231031104727.0
020 |a RU  |b 82-9490 
035 |a (RuTPU)RU\TPU\book\99203 
090 |a 92598 
100 |a 20060315d1981 m a0rusy5003 ca 
101 0 |a rus 
102 |a MD 
105 |a y z 001zy 
200 1 |a Системное исследование лексики научного текста  |f Р. Г. Пиотровский, Н. П. Рахубо, М. С. Хажинская 
210 |a Кишинев  |c Штиинца  |d 1981 
215 |a 159 с.  |c 2 л. табл.  |d 21 см. 
610 1 |a текст 
610 1 |a французский язык 
610 1 |a русский язык 
610 1 |a системные методы исследования 
610 1 |a лексикология 
675 |a 4  |z rus 
700 1 |a Пиотровский  |b Р. Г.  |g Раймонд Генрихович  |4 070 
701 1 |a Рахубо  |b Н. П.  |g Надежда Петровна 
701 1 |a Хажинская  |b М. П.  |g Маргарита Петровна 
801 0 |a RU  |b RuMRKP  |c 19950704  |g psbo 
801 1 |a RU  |b 63413507  |c 20060315  |g PSBO 
801 2 |a RU  |b 63413507  |c 20061010  |g PSBO 
942 |c BK